[Event "Offenes Qualifikationsturnier"]
[Site "Berlin"]
[Date "2012.04.09"]
[Round "4.18"]
[White "Schilling, Hans"]
[Black "Viehweger, Martin"]
[Result "1/2-1/2"]
[WhiteElo "1820"]
[BlackElo "2042"]
[PlyCount "80"]
[EventDate "2012.??.??"]
[WhiteTeam "SF Nord-Ost Berlin"]
[BlackTeam "SSV Rotation Berlin"]

1. Nf3 d5 2. c4 c6 3. b3 Nf6 4. Bb2 Bf5 5. d3 Nbd7 6. Nbd2 e6 7. h3 h5 8. g3
Bd6 9. Bg2 Qb6 10. Qc1 Rc8 11. Ba3 c5 12. O-O d4 13. Nh4 O-O 14. Ndf3 Nh7 15.
Nxf5 exf5 16. e3 dxe3 17. Qxe3 f4 18. gxf4 Qc7 19. Bc1 Rfe8 20. Qd2 Re6 21. f5
Rf6 22. Nh4 Be5 23. Bb2 Bxb2 24. Qxb2 Qf4 25. Nf3 Rxf5 26. Qd2 Rd8 27. Qxf4
Rxf4 28. Rad1 Ndf6 29. Rfe1 Kf8 30. Re5 b6 31. Re3 g6 32. Ne5 Ng5 33. Nc6 Rd7
34. Rde1 Ne6 35. Ne5 Rd6 36. Nxg6+ fxg6 37. Rxe6 Rxd3 38. Re7 Rd2 39. R1e2 Rxe2
40. Rxe2 Nd7 1/2-1/2

[Event "Offenes Qualifikationsturnier"]
[Site "Berlin"]
[Date "2012.04.09"]
[Round "4.19"]
[White "Francke, Joerg"]
[Black "Cobanov, Ante"]
[Result "1-0"]
[WhiteElo "2039"]
[BlackElo "1817"]
[PlyCount "59"]
[EventDate "2012.??.??"]
[WhiteTeam "SC Weisse Dame"]
[BlackTeam "SK Kroatische Gemeinde"]

1. Nf3 Nc6 2. d4 e6 3. e4 Be7 4. d5 Nb8 5. Bc4 b6 6. O-O Ba6 7. Qe2 Bb7 8. Nc3
c6 9. Bf4 b5 10. dxc6 dxc6 11. Rad1 Qc8 12. Bb3 Nf6 13. Bd6 Bxd6 14. Rxd6 a5
15. a4 b4 16. e5 Nd5 17. Ne4 Nd7 18. Rxe6+ Kf8 19. Rd6 Qc7 20. c4 bxc3 21. bxc3
Re8 22. e6 fxe6 23. Nd4 Nc5 24. Nxc5 Qxd6 25. Nxb7 Qe7 26. Nxa5 c5 27. Ndc6 Qf6
28. Ne5 Rd8 29. Nac6 Qf5 30. Nxd8 1-0

[Event "Offenes Qualifikationsturnier"]
[Site "Berlin"]
[Date "2012.04.09"]
[Round "4.20"]
[White "Leyrer, Thomas"]
[Black "Schmidt, Juergen"]
[Result "1/2-1/2"]
[WhiteElo "1714"]
[BlackElo "2035"]
[PlyCount "113"]
[EventDate "2012.??.??"]
[WhiteTeam "SV Königsjäger Süd-West"]
[BlackTeam "SC Kreuzberg"]

1. d4 d5 2. c4 e6 3. Nf3 Nf6 4. Nc3 Be7 5. Bg5 Nbd7 6. e3 O-O 7. Be2 b6 8. O-O
Bb7 9. cxd5 Nxd5 10. Bxe7 Nxe7 11. Rc1 c5 12. dxc5 Nxc5 13. Nd4 Nd5 14. Nxd5
Qxd5 15. Bf3 Qxa2 16. Bxb7 Nxb7 17. Rc7 Nc5 18. Qa1 Qxa1 19. Rxa1 a5 20. Kf1
Rfc8 21. Rxc8+ Rxc8 22. Rc1 Ra8 23. Ke2 Kf8 24. Ra1 Rd8 25. Rc1 Rd5 26. Rc4 e5
27. Nf5 g6 28. e4 Rd8 29. Ne3 Nd3 30. Nd5 Nxb2 31. Rc6 Na4 32. Nxb6 Nxb6 33.
Rxb6 Ra8 34. Kd2 a4 35. Kc2 a3 36. Kb1 Ra4 37. f3 Kg7 38. h4 f5 39. exf5 gxf5
40. Rb5 Rxh4 41. Rxe5 Kf6 42. Re3 {(=)} Rb4+ 43. Ka1 Rb2 44. g4 fxg4 45. fxg4
Rb4 46. Rxa3 Rxg4 47. Kb2 h5 48. Kc2 Re4 49. Kd2 Kf5 50. Re3 Rf4 51. Rg3 h4 52.
Rg1 h3 53. Ke2 Rh4 54. Kf3 Rf4+ 55. Kg3 Rg4+ 56. Kh2 Rxg1 57. Kxg1 1/2-1/2

[Event "Offenes Qualifikationsturnier"]
[Site "Berlin"]
[Date "2012.04.10"]
[Round "5.1"]
[White "Schnabel, Ralf"]
[Black "Krefenstein, Sergej"]
[Result "1-0"]
[WhiteElo "2215"]
[BlackElo "2006"]
[PlyCount "67"]
[EventDate "2012.??.??"]
[WhiteTeam "ESV Nickelhütte Aue"]
[BlackTeam "TuS Makkabi Berlin"]

1. e4 e6 2. d4 d5 3. Nd2 Be7 4. Ngf3 Nf6 5. Bd3 c5 6. exd5 cxd4 7. dxe6 Bxe6 8.
Nb3 Nc6 9. Nbxd4 Nxd4 10. Nxd4 Bd7 11. O-O O-O 12. Nf5 Bc5 13. Be3 Qb6 14. Bxc5
Qxc5 15. Qf3 Bc6 16. Nh6+ Kh8 17. Qf5 Qxf5 18. Nxf5 Nd5 19. Rfd1 Nb4 20. Nd4
Nxd3 21. Rxd3 Be4 22. Re3 Bd5 23. b3 Rfd8 24. Rd1 Rd7 25. f3 g6 26. Red3 Rc8
27. Nb5 a6 28. Rxd5 Rxd5 29. Rxd5 axb5 30. Rxb5 Rxc2 31. Rxb7 Rxa2 32. Rxf7 Rb2
33. Rb7 Kg8 34. h4 1-0

[Event "Offenes Qualifikationsturnier"]
[Site "Berlin"]
[Date "2012.04.10"]
[Round "5.2"]
[White "Penner, Markus"]
[Black "Hintze, Peter"]
[Result "1-0"]
[WhiteElo "1964"]
[BlackElo "2067"]
[PlyCount "53"]
[EventDate "2012.??.??"]
[WhiteTeam "SK Zehlendorf"]
[BlackTeam "SC Zugzwang 95"]

1. e4 c6 2. d4 d5 3. e5 Bf5 4. Nf3 e6 5. Be2 c5 6. Be3 Qb6 7. Nc3 Nc6 8. O-O
Qa5 9. a3 c4 10. Nh4 Bg6 11. Nxg6 hxg6 12. Qd2 a6 13. b4 Qd8 14. b5 Nb8 15.
Rfb1 a5 16. b6 Ra6 17. Nb5 Rxb6 18. Qxa5 Nd7 19. Bd2 Nh6 20. Bb4 Nf5 21. Bg4
Nb8 22. Bd6 Nxd6 23. Qxb6 Qh4 24. h3 (24. exd6 Qxh2+ 25. Kf1 Qh1+ 26. Ke2 Qh4
27. Bf3) 24... Ne4 25. Rf1 (25. Nc7+ Kd7 26. Nxe6) 25... Be7 26. Nc7+ Kf8 27.
Qxb7 1-0

[Event "Offenes Qualifikationsturnier"]
[Site "Berlin"]
[Date "2012.04.10"]
[Round "5.3"]
[White "Haseloff, Harald"]
[Black "Schilling, Hans"]
[Result "1-0"]
[WhiteElo "2145"]
[BlackElo "1820"]
[PlyCount "65"]
[EventDate "2012.??.??"]
[WhiteTeam "SG Lasker Steglitz-Wilmersdorf"]
[BlackTeam "SF Nord-Ost Berlin"]

1. e4 e6 2. d4 d5 3. Nd2 dxe4 4. Nxe4 Nd7 5. Bd3 Ngf6 6. Ne2 b6 7. O-O Bb7 8.
f3 Be7 9. Be3 O-O 10. c4 c5 11. Nxf6+ Bxf6 12. Qc2 g6 13. Rad1 Qe7 14. Rfe1
cxd4 15. Nxd4 Ne5 16. Bf1 Nc6 17. Nxc6 Bxc6 18. c5 Rfc8 19. b4 Qc7 20. b5 Bd5
21. c6 a6 22. a4 axb5 23. Bxb5 Be5 24. Rc1 f5 25. h3 Bf4 26. Qd2 Bh2+ 27. Kh1
Be5 28. Bxb6 Qxb6 29. Rxe5 Kg7 30. Re3 h6 31. Rec3 Rc7 32. Rc5 g5 33. Qd4+ 1-0

[Event "Offenes Qualifikationsturnier"]
[Site "Berlin"]
[Date "2012.04.10"]
[Round "5.4"]
[White "Hoffmann, Peter"]
[Black "Batzaya, Ayush"]
[Result "1-0"]
[WhiteElo "2040"]
[BlackElo "1936"]
[PlyCount "89"]
[EventDate "2012.??.??"]
[WhiteTeam "BSG 1827 Eckbauer"]
[BlackTeam "SV Berolina Mitte"]

1. d4 Nf6 2. c4 c5 3. d5 b5 4. f3 bxc4 5. e4 d6 6. Bxc4 g6 7. Ne2 Bg7 8. O-O
O-O 9. Nec3 Nbd7 10. Be3 Rb8 11. Qd2 Qb6 12. Na4 Qb7 13. Nbc3 Ne5 14. Be2 Bd7
15. b3 Rfc8 16. Rab1 Qb4 17. Nb2 Nh5 18. Rbc1 Nf6 19. h3 Be8 20. f4 Ned7 21.
Bf3 Nb6 22. Nd3 Qa3 23. e5 Nfd7 24. exd6 exd6 25. Nb5 Qa6 26. Nxd6 Nxd5 27.
Bxc5 Nxc5 28. Nxc5 Qxd6 29. Bxd5 Qb6 30. Qf2 Rd8 31. Rcd1 Rbc8 32. Ne4 Qa5 33.
Bc4 Qa3 34. f5 Bc6 35. Ng5 Be8 36. fxg6 Kh8 37. Nxf7+ Bxf7 38. Qxf7 Qc5+ 39.
Kh1 h6 40. Rd7 Qe5 41. Re7 Qd4 42. Rfe1 Rf8 43. Qe6 Rcd8 44. Qe3 Qb2 45. Qxh6+
1-0

[Event "Offenes Qualifikationsturnier"]
[Site "Berlin"]
[Date "2012.04.10"]
[Round "5.5"]
[White "Jaeger, Andre"]
[Black "Konrad, Erhard"]
[Result "1-0"]
[WhiteElo "2001"]
[BlackElo "2012"]
[PlyCount "62"]
[EventDate "2012.??.??"]
[WhiteTeam "SC Rochade"]
[BlackTeam "SG Lasker Steglitz-Wilmersdorf"]

1. d4 e6 2. c4 f5 3. Nf3 Nf6 4. Nc3 d5 5. Bf4 c6 6. e3 Be7 7. Bd3 O-O 8. Qc2
Ne4 9. g4 Na6 10. a3 Qa5 11. Ke2 Qd8 12. Rhg1 dxc4 13. Bxe4 fxe4 14. Nxe4 b5
15. Nfg5 g6 16. h4 Nc7 17. Bxc7 Qxc7 18. f4 c5 19. Nxc5 Bxc5 20. dxc5 Bb7 21.
Nxe6 Qc6 22. Nd4 Qxc5 23. Raf1 Rae8 24. Qc3 Be4 25. Kd2 a5 26. Qxa5 Rd8 27. Qc3
Rd5 28. Kc1 Re8 29. f5 Bd3 30. Re1 Rde5 31. Ne6 Qb6 1-0

[Event "Offenes Qualifikationsturnier"]
[Site "Berlin"]
[Date "2012.04.10"]
[Round "5.7"]
[White "Rohrbach, Stefan"]
[Black "Welz, Peter"]
[Result "0-1"]
[WhiteElo "1863"]
[BlackElo "2147"]
[PlyCount "70"]
[EventDate "2012.??.??"]
[WhiteTeam "BSG 1827 Eckbauer"]
[BlackTeam "SV Empor Berlin"]

1. d4 f5 2. Bg5 g6 3. Nd2 Bg7 4. e4 fxe4 5. Nxe4 d5 6. Nc5 Qd6 7. Nf3 Nf6 8.
Qd2 O-O 9. Bd3 b6 10. Bxf6 exf6 11. Nb3 Re8+ 12. Kf1 Bd7 13. h4 Bg4 14. Nh2 Be6
15. h5 g5 16. h6 Bf8 17. Nf3 Nd7 18. Rc1 c5 19. c4 Rac8 20. dxc5 bxc5 21. Qc2
Qe7 22. Nbd2 dxc4 23. Nxc4 Kh8 24. Re1 Qf7 25. Qc3 Kg8 26. Qc1 Bd5 27. Rxe8
Rxe8 28. Rh3 Be4 29. Nxg5 fxg5 30. Bxe4 Rxe4 31. Qxg5+ Kh8 32. Ne3 Be7 33. Rf3
Bxg5 34. Rxf7 Re7 35. Rg7 Rxg7 0-1

[Event "Offenes Qualifikationsturnier"]
[Site "Berlin"]
[Date "2012.04.10"]
[Round "5.8"]
[White "Schmalzried, Volker"]
[Black "Francke, Joerg"]
[Result "1-0"]
[WhiteElo "1842"]
[BlackElo "2039"]
[PlyCount "82"]
[EventDate "2012.??.??"]
[WhiteTeam "- ohne Verein -"]
[BlackTeam "SC Weisse Dame"]

1. c4 e5 2. Nc3 Nf6 3. g3 Be7 4. Bg2 O-O 5. Nf3 Nc6 6. O-O d6 7. d4 exd4 8.
Nxd4 Bd7 9. Re1 Rb8 10. e4 Re8 11. Bf4 Ne5 12. b3 a6 13. Qc2 Bf8 14. Rad1 g6
15. Bg5 h6 16. Bf4 b5 17. cxb5 axb5 18. Nf3 b4 19. Nd5 Nxf3+ 20. Bxf3 Nxd5 21.
exd5 Bg7 22. Rxe8+ Bxe8 23. Rc1 g5 24. Bd2 Qf6 25. Qxc7 Ra8 26. Be4 Qd4 27. Qc2
Bd7 28. Be3 Qe5 29. Rd1 Bg4 30. Re1 Rc8 31. Qd3 Rc3 32. Qb1 f5 33. Bg2 Qf6 34.
Bd2 Rf3 35. Bxf3 Bxf3 36. Bxb4 Bxd5 37. Qd3 Be4 38. Qxd6 Qf7 39. Qd8+ Kh7 40.
Qe7 Kg6 41. Qxf7+ Kxf7 1-0

[Event "Offenes Qualifikationsturnier"]
[Site "Berlin"]
[Date "2012.04.10"]
[Round "5.9"]
[White "Schmidek, Emil"]
[Black "Kuester, Manfred"]
[Result "0-1"]
[WhiteElo "1792"]
[BlackElo "1957"]
[PlyCount "50"]
[EventDate "2012.??.??"]
[WhiteTeam "TuS Makkabi Berlin"]
[BlackTeam "BSC Rehberge 1945"]

1. Nf3 Nc6 2. g3 e5 3. d3 f5 4. Bg2 Nf6 5. O-O Be7 6. e4 fxe4 7. dxe4 O-O 8.
Nc3 d6 9. Qe2 a6 10. Qc4+ Kh8 11. Ng5 Nd4 12. Be3 b5 13. Qd3 Ng4 14. Bxd4 exd4
15. e5 Bf5 16. Qxd4 Bxg5 17. Bxa8 Qxa8 18. exd6 Bf6 19. Qc5 Ne5 20. f3 cxd6 21.
Qxd6 Rd8 22. Qb4 Bh3 23. Rfd1 Nxf3+ 24. Kf2 Nd4 25. Rg1 Qf3+ 0-1

[Event "Offenes Qualifikationsturnier"]
[Site "Berlin"]
[Date "2012.04.10"]
[Round "5.10"]
[White "Krawatzki, Armin"]
[Black "Baranowsky, Peter"]
[Result "0-1"]
[WhiteElo "1781"]
[BlackElo "1954"]
[PlyCount "72"]
[EventDate "2012.??.??"]
[WhiteTeam "Svg. Läufer Reinickendorf"]
[BlackTeam "SF Berlin 1903"]

1. Nf3 d5 2. c4 d4 3. b4 e6 4. Bb2 c5 5. e3 dxe3 6. fxe3 Nf6 7. Be2 Nbd7 8. O-O
b6 9. b5 Bb7 10. Nc3 Be7 11. Qe1 Qc7 12. Rd1 O-O 13. Qh4 h6 14. d4 Rae8 15. Qh3
e5 16. d5 e4 17. Nh4 Bd6 18. Nf5 Kh8 19. Nxg7 Kxg7 20. Bg4 Be5 21. Bf5 Bc8 22.
d6 Qd8 23. g4 Rh8 24. Kh1 Reg8 25. Rf2 Kf8 26. Qg2 Nxg4 27. Bxg4 h5 28. Rdf1
Nf6 29. Rxf6 Bxf6 30. Qxe4 Rxg4 31. Qd5 Be6 32. Qc6 Bxc4 33. Rxf6 Qxf6 34. Qc8+
Kg7 35. Qxh8+ Kxh8 36. Nd1 Bd5+ 0-1

[Event "Offenes Qualifikationsturnier"]
[Site "Berlin"]
[Date "2012.04.10"]
[Round "5.11"]
[White "Koerlin, Hans-Juergen"]
[Black "Skogvall, Martina"]
[Result "0-1"]
[WhiteElo "1859"]
[BlackElo "2063"]
[PlyCount "92"]
[EventDate "2012.??.??"]
[WhiteTeam "SC Kreuzberg"]
[BlackTeam "SF Berlin 1903"]

1. e4 e6 2. d4 d5 3. Nd2 dxe4 4. Nxe4 Nf6 5. Nxf6+ Qxf6 6. Nf3 h6 7. Bd3 Nc6 8.
O-O Bd7 9. c3 O-O-O 10. b4 g5 11. b5 Ne7 12. Qa4 Kb8 13. Ne5 Nc8 14. Rb1 Nb6
15. Qa5 Rg8 16. Be4 Bd6 17. f4 Qe7 18. Kh1 f6 19. Nxd7+ Rxd7 20. f5 exf5 21.
Bxf5 Qe2 22. Rg1 Re7 23. c4 Qxc4 24. Ba3 Bxa3 25. Qxa3 Re2 26. Qb3 Qxb3 27.
axb3 Rd8 28. Rbd1 Nd5 29. Bd3 Rb2 30. Bc4 Ne3 31. Rd3 Ng4 32. Rf3 Nf2+ 33. Rxf2
Rxf2 34. Re1 b6 35. Kg1 Rd2 36. d5 Kc8 37. Re6 Rd6 38. Re7 f5 39. g3 R2xd5 40.
Bxd5 Rxd5 41. Rh7 Rxb5 42. Rxh6 Rxb3 43. Rh5 a5 44. Rxg5 a4 45. Rxf5 a3 46.
Rf8+ Kb7 0-1

[Event "Offenes Qualifikationsturnier"]
[Site "Berlin"]
[Date "2012.04.10"]
[Round "5.12"]
[White "Viehweger, Martin"]
[Black "Muenstermann, Claudia"]
[Result "1/2-1/2"]
[WhiteElo "2042"]
[BlackElo "1792"]
[PlyCount "100"]
[EventDate "2012.??.??"]
[WhiteTeam "SSV Rotation Berlin"]
[BlackTeam "SC Weisse Dame"]

1. e4 c5 2. Nc3 d6 3. f4 g6 4. Nf3 Bg7 5. Bc4 Nc6 6. O-O e6 7. d3 Nge7 8. Qe1
Nd4 9. Nxd4 cxd4 10. Ne2 O-O 11. Bb3 Bd7 12. a4 a5 13. Bd2 Kh8 14. Qg3 f5 15.
Rae1 Qc7 16. Qh4 Bf6 17. Qf2 e5 18. exf5 Nxf5 19. g4 Bh4 20. Ng3 Ne3 21. Bxe3
dxe3 22. Qxe3 exf4 23. Rxf4 Rxf4 24. Qxf4 Qc5+ 25. d4 Bg5 26. Qf2 Qb4 27. Ne4
Bh6 28. g5 Rf8 {(=)} 29. Qe3 Bg7 30. Nf6 Bxa4 31. Bxa4 Qxa4 32. Qf2 Qc4 33. c3
Qc8 34. Qh4 Bxf6 35. gxf6 Qf5 36. Rf1 Qe6 37. Qf4 Rf7 38. Rf3 Qe1+ 39. Kg2 Qe2+
40. Kg3 Qe1+ 41. Kg2 Qe2+ 42. Rf2 Qe6 43. Qg5 b6 44. h4 Qe4+ 45. Kh2 Qe6 46. h5
gxh5 47. Rg2 Qe8 48. Qxh5 Qf8 49. Rg7 Rxg7 50. fxg7+ Kxg7 1/2-1/2

[Event "Offenes Qualifikationsturnier"]
[Site "Berlin"]
[Date "2012.04.10"]
[Round "5.13"]
[White "Graul, Dieter"]
[Black "Mahler, Sonja"]
[Result "0-1"]
[WhiteElo "1802"]
[BlackElo "1635"]
[PlyCount "77"]
[EventDate "2012.??.??"]
[WhiteTeam "SV Turbine Berlin"]
[BlackTeam "SC Kreuzberg"]

1. d4 d5 2. c4 c6 3. cxd5 cxd5 4. Nf3 a6 5. Bf4 e6 6. Nc3 Nf6 7. e3 Be7 8. Bd3
O-O 9. Rc1 Re8 10. O-O Bd6 11. Bg3 Nc6 12. Re1 Be7 13. Ne5 Nb8 14. a3 g6 15.
Na4 Nh5 16. Qb3 Nxg3 17. hxg3 Nd7 18. Nxd7 Bxd7 19. Nb6 Rb8 20. Nxd7 Qxd7 21.
Rc3 h5 22. Rec1 Bd6 23. Qc2 Kg7 24. Kf1 {(=)} Rh8 25. Be2 h4 26. g4 h3 27. g3
e5 28. dxe5 Bxe5 29. Rd3 Qe6 30. Bf3 Rbd8 31. Qb3 Rc8 32. Rcd1 Rc7 33. Rxd5 Qf6
34. Bh1 Bxg3 35. R5d2 Be5 36. Qd3 Rh4 37. f3 Rxg4 38. Ke2 Rg3 39. Qe4 0-1

[Event "Offenes Qualifikationsturnier"]
[Site "Berlin"]
[Date "2012.04.10"]
[Round "5.14"]
[White "Jiranek, Benno"]
[Black "Kostre, Margarita"]
[Result "1-0"]
[WhiteElo "1419"]
[BlackElo "1789"]
[PlyCount "35"]
[EventDate "2012.??.??"]
[WhiteTeam "SC Kreuzberg"]
[BlackTeam "Schachpinguine Berlin"]

1. d4 Nf6 2. Nf3 g6 3. g3 Bg7 4. Bg2 O-O 5. O-O d6 6. c4 Nc6 7. Nc3 e5 8. d5
Ne7 9. e4 a6 10. h3 c6 11. a4 Bd7 12. dxc6 Bxc6 13. Ne1 Qc7 14. Nc2 Nd7 15. b4
f5 16. f3 Qb6+ 17. Be3 Qxb4 18. Nxb4 1-0

[Event "Offenes Qualifikationsturnier"]
[Site "Berlin"]
[Date "2012.04.10"]
[Round "5.15"]
[White "Preis, Alexander"]
[Black "Gebigke, Lena"]
[Result "1-0"]
[WhiteElo "1585"]
[BlackElo "1444"]
[PlyCount "63"]
[EventDate "2012.??.??"]
[WhiteTeam "SC Zugzwang 95"]
[BlackTeam "SV Berolina Mitte"]

1. e4 c5 2. Nf3 Nc6 3. d4 cxd4 4. Nxd4 d6 5. Nc3 Nf6 6. Be3 g6 7. Qd2 Bg7 8.
O-O-O O-O 9. h4 Ng4 10. Nxc6 Bxc3 11. Qxc3 bxc6 12. h5 Nxe3 13. Qxe3 Bg4 14. f3
Bxh5 15. g4 e6 16. gxh5 g5 17. e5 d5 18. Rg1 h6 19. f4 Qb6 20. Qg3 Rab8 21. b3
Kh8 22. fxg5 Rg8 23. g6 fxg6 24. hxg6 Kg7 25. Bd3 Rgf8 26. Rh1 Qd4 27. Rh4 Qc3
28. Rxh6 Rh8 29. Rh7+ Rxh7 30. gxh7+ Kh8 31. Rg1 Qa1+ 32. Kd2 1-0

[Event "Offenes Qualifikationsturnier"]
[Site "Berlin"]
[Date "2012.04.10"]
[Round "5.16"]
[White "Agapova, Svetlana"]
[Black "Stark, Steven"]
[Result "0-1"]
[WhiteElo "1155"]
[BlackElo "1580"]
[PlyCount "120"]
[EventDate "2012.??.??"]
[WhiteTeam "Betriebsschach SK Präsident"]
[BlackTeam "VfB Hermsdorf"]

1. e4 a6 2. d4 e6 3. Nf3 d6 4. Nc3 Be7 5. Be2 Nf6 6. O-O O-O 7. Bf4 Nc6 8. d5
Na7 9. Qd2 Kh8 10. Bd3 e5 11. Be3 Bg4 12. Be2 Bh5 13. h3 Bg6 14. Bd3 Nd7 15.
Ng5 Bxg5 16. Bxg5 f6 17. Bh4 Nc5 18. f4 Nd7 19. f5 Bh5 20. Qe3 c6 21. Bc4 Qb6
22. Nd1 Qxe3+ 23. Nxe3 Nc5 24. Bd3 Nc8 25. Bf2 Nxd3 26. cxd3 Be2 27. Rfe1 Bxd3
28. Nd1 cxd5 29. exd5 Bxf5 30. Ne3 Bg6 31. Rac1 Rf7 32. Nd1 Rd7 33. b3 h6 34.
Re3 Ne7 35. Nc3 b5 36. Rd1 Nf5 37. Ree1 Rc8 38. Ne2 Rc2 39. Nc1 Ne7 40. Re2 Rc8
41. Be1 Bf7 42. Red2 Nf5 43. Bf2 Ne7 44. Ne2 Nf5 45. Kh2 Rdc7 46. Bb6 Rc2 47.
Rxc2 Rxc2 48. Nc1 Ne7 49. Ba5 Nxd5 50. a3 Kh7 51. Nd3 Ne3 52. Rg1 Bxb3 53. Bb4
Nf5 54. Ne1 Ra2 55. Rf1 Kg6 56. Rf3 Bc4 57. Rc3 Re2 58. Nf3 d5 59. Rc1 h5 60.
Rd1 Ne3 0-1

[Event "Offenes Qualifikationsturnier"]
[Site "Berlin"]
[Date "2012.04.10"]
[Round "5.17"]
[White "Sicora, Carsten"]
[Black "Herrmann, Eberhard"]
[Result "0-1"]
[WhiteElo "1943"]
[BlackElo "1855"]
[PlyCount "90"]
[EventDate "2012.??.??"]
[WhiteTeam "- ohne Verein -"]
[BlackTeam "SC Friesen Lichtenberg"]

1. e4 e5 2. Nf3 Nc6 3. Bb5 Bc5 4. c3 a6 5. Ba4 Nf6 6. O-O O-O 7. d4 exd4 8.
cxd4 Be7 9. d5 Na7 10. e5 Ne8 11. Nc3 d6 12. Re1 dxe5 13. Nxe5 Nd6 14. Bc2 Nab5
15. Nxb5 axb5 16. Qf3 h6 17. Bd2 Ra6 18. a3 Bg5 19. Bb4 Qf6 20. Qxf6 Bxf6 21.
Bd3 Rd8 22. Rac1 Bf5 23. Bxf5 Nxf5 24. Rxc7 Rxd5 25. Nxf7 Bxb2 26. Re8+ Kh7 27.
g3 Bxa3 28. Bxa3 Rxa3 29. Re2 b6 30. h4 b4 31. h5 Nd4 32. Re8 Nf3+ 33. Kg2 Rxh5
34. Rc6 Rh2+ 35. Kf1 Rh1+ 36. Kg2 Rh2+ 37. Kf1 Ra1+ 38. Ke2 Nd4+ 39. Ke3 Nxc6
40. Kf4 Rxf2+ 41. Kg4 Rxf7 42. Kh4 Rh1+ 43. Kg4 Kg6 44. Re6+ Rf6 45. Re5 Nxe5#
0-1

[Event "Offenes Qualifikationsturnier"]
[Site "Berlin"]
[Date "2012.04.10"]
[Round "5.18"]
[White "Fartmann, Oliver"]
[Black "Vidic, Dobrivoje"]
[Result "1-0"]
[WhiteElo "1903"]
[BlackElo "1812"]
[PlyCount "127"]
[EventDate "2012.??.??"]
[WhiteTeam "SG Grün-Weiß Baumschulenweg"]
[BlackTeam "SK Dragojle Babic"]

1. d4 d5 2. c4 c6 3. Nf3 e6 4. Nc3 Bb4 5. e3 Nf6 6. Bd2 O-O 7. Bd3 dxc4 8. Bxc4
b5 9. Bd3 Bb7 10. Qc2 h6 11. O-O a6 12. Ne4 Be7 13. Ne5 Nd5 14. Nc5 Bxc5 15.
Qxc5 f6 16. Ng6 Re8 17. Bb1 f5 18. f3 Nd7 19. Qc2 Qf6 20. Ne5 Nxe5 21. dxe5
Qxe5 22. e4 fxe4 23. fxe4 Nf6 24. Bc3 Qc5+ 25. Kh1 e5 26. Qe2 Rad8 27. a3 Qd6
28. Ba2+ Kh8 29. Rad1 Qc7 30. Bd2 Ng8 31. Qg4 Qd7 32. Qh5 Qe7 33. Rf7 Qd6 34.
Qg4 Qf6 35. Rxf6 Nxf6 36. Qe2 c5 37. Bb1 Rd4 38. Be3 Rxd1+ 39. Qxd1 c4 40. h3
Kg8 41. Kh2 Kf7 42. Bc5 Bc8 43. a4 Bd7 44. Qd6 Bc8 45. Qc6 bxa4 46. Qxa4 Rd8
47. Qxc4+ Kg6 48. Ba2 Rd7 49. Be7 Bb7 50. Qf7+ Kh7 51. Be6 Bxe4 52. Bxd7 Nxd7
53. Bf8 Nxf8 54. Qxf8 Bd3 55. h4 e4 56. Qd6 h5 57. Qb6 g6 58. Kg3 Kg7 59. Kf4
Kf7 60. Kg5 Ke7 61. Qxg6 a5 62. Qb6 a4 63. Kxh5 Kf7 64. Kg5 1-0

[Event "Offenes Qualifikationsturnier"]
[Site "Berlin"]
[Date "2012.04.10"]
[Round "5.19"]
[White "Hoermann, David"]
[Black "Inngauer, Wolfram"]
[Result "0-1"]
[WhiteElo "1684"]
[BlackElo "1886"]
[PlyCount "118"]
[EventDate "2012.??.??"]
[WhiteTeam "SC Weisse Dame"]
[BlackTeam "CFC Hertha 06"]

1. d4 Nf6 2. Nf3 g6 3. c4 Bg7 4. g3 O-O 5. Bg2 c5 6. Nc3 cxd4 7. Nxd4 Nc6 8.
O-O Ng4 9. Nxc6 bxc6 10. e4 d6 11. h3 Ne5 12. b3 Nxc4 13. Qc2 Nb6 14. Bb2 Ba6
15. Rfd1 Rc8 16. a4 Nd7 17. Na2 Bxb2 18. Qxb2 Qb6 19. Rab1 Rb8 20. Qd2 Bb7 21.
Qg5 f6 22. Qd2 a5 23. Kh2 f5 24. Rb2 fxe4 25. Bxe4 Nf6 26. Bg2 c5 27. Nc3 Bxg2
28. Kxg2 Qb4 29. Qe3 Qb7+ 30. Kg1 Qd7 31. g4 Rbd8 32. Nb5 Rf7 33. Re2 Nxg4 34.
hxg4 Qxg4+ 35. Kf1 Qh4 36. Ke1 Qb4+ 37. Qc3 Qxc3+ 38. Nxc3 Rf3 39. Re3 Rxe3+
40. fxe3 Rb8 41. Nb5 h5 42. Ke2 Kg7 43. Rf1 g5 44. Rf3 g4 45. Rf4 e5 46. Rf1
Kg6 47. e4 h4 48. Rf5 {(=)} d5 49. Rxe5 dxe4 50. Rxe4 Kf5 51. Ke3 h3 52. Nd6+
Kg5 53. Nb5 h2 54. Re5+ Kh6 55. Re6+ Kh7 56. Re7+ Kh8 57. Kf4 h1=Q 58. Kxg4 Qf1
59. Re3 Rg8+ 0-1

[Event "Offenes Qualifikationsturnier"]
[Site "Berlin"]
[Date "2012.04.10"]
[Round "5.20"]
[White "Sharenkov, Ilya"]
[Black "Schildt, Rene"]
[Result "1-0"]
[WhiteElo "1839"]
[BlackElo "2041"]
[PlyCount "69"]
[EventDate "2012.??.??"]
[WhiteTeam "SG Grün-Weiß Baumschulenweg"]
[BlackTeam "SC Zugzwang 95"]

1. d4 d5 2. Nf3 Nf6 3. e3 g6 4. Bd3 Bg7 5. Nbd2 O-O 6. c3 c5 7. O-O Bg4 8. Re1
Nc6 9. h3 Bxf3 10. Nxf3 c4 11. Bc2 b5 12. e4 dxe4 13. Bxe4 Nxe4 14. Rxe4 Qd5
15. Qe1 a5 16. Bg5 f6 17. Bf4 Rfe8 18. Qe3 e5 19. Qe1 f5 20. Re3 e4 21. Nd2
Nxd4 22. cxd4 Bxd4 23. Rd1 Bxe3 24. Qxe3 Rad8 25. Qb6 b4 26. Rc1 g5 27. Bc7 c3
28. bxc3 Rd7 29. Nf1 f4 30. cxb4 Qxa2 31. bxa5 Rg7 32. Qc6 Rc8 33. Qxe4 Qf7 34.
a6 Rxc7 35. Rxc7 1-0

[Event "Offenes Qualifikationsturnier"]
[Site "Berlin"]
[Date "2012.04.11"]
[Round "6.1"]
[White "Penner, Markus"]
[Black "Schnabel, Ralf"]
[Result "1/2-1/2"]
[WhiteElo "1964"]
[BlackElo "2215"]
[PlyCount "137"]
[EventDate "2012.??.??"]
[WhiteTeam "SK Zehlendorf"]
[BlackTeam "ESV Nickelhütte Aue"]

1. e4 d5 2. exd5 Qxd5 3. Nc3 Qd6 4. d4 Nf6 5. Nf3 c6 6. h3 Bf5 7. Bd3 Bxd3 8.
Qxd3 e6 9. Be3 Nbd7 10. O-O Be7 11. Rfe1 O-O 12. Rad1 Rfd8 13. Ne2 Nd5 14. c4
Nxe3 15. Qxe3 a5 16. d5 exd5 17. cxd5 Bf8 18. dxc6 Qxc6 19. Ned4 Qb6 20. Qb3
Qxb3 21. Nxb3 {(=)} a4 22. Nbd4 Bb4 23. Re2 Nb6 24. Rc1 Rac8 25. Rec2 g6 26.
Rxc8 Rxc8 27. Rxc8+ Nxc8 28. Kf1 Nd6 29. Ke2 f5 30. Ng5 Kg7 31. Kd3 h6 32.
Nge6+ Kf6 33. f3 b6 34. g4 fxg4 35. fxg4 h5 36. Nf4 hxg4 37. Nd5+ Ke5 38. Nxb4
gxh3 39. Nbc2 Kf4 40. Ne2+ Kf3 41. Ne3 Nf5 42. Ng1+ Kg3 43. Nxh3 Nxe3 44. Ng5
Kg4 45. Ne6 Kf5 46. Nf8 Nd5 47. Nxg6 Kxg6 48. Kc4 Nc7 49. Kb4 Kf6 50. Kxa4 Ke5
51. Kb4 Kd5 52. a4 Kd4 53. a5 b5 54. a6 Kd5 55. Ka5 Kc6 56. a7 Kc5 57. b3 Kc6
58. b4 Na8 59. Ka6 Nc7+ 60. Ka5 Kb7 61. a8=Q+ Kxa8 62. Kb6 Kb8 63. Kc6 Kc8 64.
Kb6 Kd7 65. Kc5 Kd8 66. Kc6 Kc8 67. Kb6 Kd7 68. Kc5 Ke6 69. Kc6 1/2-1/2

[Event "Offenes Qualifikationsturnier"]
[Site "Berlin"]
[Date "2012.04.11"]
[Round "6.2"]
[White "Jaeger, Andre"]
[Black "Hoffmann, Peter"]
[Result "1/2-1/2"]
[WhiteElo "2001"]
[BlackElo "2040"]
[PlyCount "95"]
[EventDate "2012.??.??"]
[WhiteTeam "SC Rochade"]
[BlackTeam "BSG 1827 Eckbauer"]

1. d4 Nf6 2. c4 g6 3. g3 Bg7 4. Bg2 d5 5. cxd5 Nxd5 6. e4 Nb6 7. Ne2 e5 8. d5
c6 9. Nbc3 O-O 10. b3 cxd5 11. exd5 Na6 12. Be3 f5 13. Rc1 Qd6 14. Qd2 Bd7 15.
O-O Rac8 16. Rfd1 Rf7 17. Bf1 Qb4 18. f4 exf4 19. gxf4 Qd6 20. Nd4 Qf6 21. a4
Re8 22. a5 Nc8 23. Ndb5 Bf8 24. Bd4 Bc5 25. Kh1 Bxd4 26. Qxd4 Qxd4 27. Rxd4
Rfe7 28. Rdd1 Re3 29. Bc4 Nb4 30. Nc7 Rf8 31. d6+ Kg7 32. Kg1 h6 33. N3d5 Nxd5
34. Rxd5 Rf6 35. Re5 Re4 36. Bb5 Bxb5 37. Nxb5 Nxd6 38. Rc7+ Kf8 39. Nxd6 Rxd6
40. Rxe4 fxe4 41. Rxb7 Rf6 42. Rxa7 Rxf4 43. Rc7 e3 44. a6 e2 45. Rc1 Rf6 46.
a7 Ra6 47. Kf2 Rxa7 48. Kxe2 1/2-1/2